Best Rated Flags - Statistics

General Stats
  • This quiz has been taken 23 times
  • The average score is 15 of 20
Answer Stats
Clue Rank Answer % Correct
Furthest African island country in the east. 3 Seychelles
94%
Oceanic country with a sunset on it's flag. 4 Kiribati
89%
Largest South American country. 9 Brazil
83%
Middle Eastern country and below Lebanon. 12 Israel
83%
Country that borders Moldova and Romania. 17 Ukraine
83%
Consists of England,Scotland,Wales and Northern Ireland. 18 United Kingdom
83%
Borders the most countries including Pakistan. 13 China
78%
African island country in the east. 2 Comoros
78%
Chinese-Pakistani enemy. 14 India
78%
2 coloured oceanic country. 5 Palau
78%
Southeast asian country with a capital of Manila. 20 Philippines
78%
Island in the Caribbean and it's capital city is Castries. 6 Saint Lucia
78%
Strongest country in the world. 11 United States
78%
Country in Oceania with red, green ,black and yellow in its flag. 19 Vanuatu
78%
Landlocked country in the Horn of Africa. 16 Ethiopia
72%
European country in the Balkans. 8 Serbia
72%
3 coloured flag with blue and yellow as a majority. 1 Bosnia and Herzegovina
67%
Part of the 5 eyes. 10 Canada
44%
Country that was claimed by the U.S. from 1986 to 2003. 7 Marshall Islands
44%
Most neutral country in Asia. 15 Uzbekistan
28%
No matching quizzes found
Score Distribution
Percent of People with Each Score
Percentile by Number Answered
Your Score History
You have not taken this quiz